| 000 | 01306nam0a22003131 4500 | ||
|---|---|---|---|
| 001 | rc\3390852 | ||
| 005 | 20130115154333.6 | ||
| 021 |
_aRU _b[72-40856] |
||
| 035 | _a(NLR Aleph) 007538527 | ||
| 090 |
_a9743496 _c9743496 |
||
| 100 | _a20130115d1972 |||y0rusy50 ca | ||
| 101 | 0 | _arus | |
| 102 | _aRU | ||
| 105 | _aa z ||||| | ||
| 200 | 1 |
_aТеория и технология сушки и временной консервации зерна активным вентилированием _fВсесоюз. науч.-исслед. ин-т механизации сел. хоз-ва "ВИМ" |
|
| 210 |
_aМосква _c[Колос] _d1972 |
||
| 215 |
_a200 с. _cил. _d20 |
||
| 300 | _aПеред загл. авт.: В.И. Анискин, В.А. Рыбарук, кандидаты техн. наук | ||
| 300 | _aНа обл. авт. не указаны | ||
| 320 | _aСписок лит.: с. 186-198 (167 назв.) | ||
| 606 |
_aВентиляционные установки для зерна _2psbo |
||
| 606 |
_aЗерно _xВентилирование _2psbo |
||
| 700 | 1 |
_aАнискин _bВ. И. _gВладимир Ильич |
|
| 701 | 1 |
_aРыбарук _bВ. А. |
|
| 801 | 0 |
_aRU _bNLR _gpsbo |
|
| 801 | 1 |
_aRU _bELAR _2rusmarc |
|
| 852 |
_aNLR _j72-3/4987 |
||
| 942 | _cBOOK | ||
| 980 | _aNB | ||